000 00240nam a2200109Ia 4500
008 190216s9999||||xx |||||||||||||| ||und||
100 _aMittal P
245 0 _aGate Papers
260 _bG K Publishers
_c1998
300 _a1565p
942 _cREF
999 _c36457
_d36457